NJPW By Image - Statistics

General Stats
  • This quiz has been taken 169 times
  • The average score is 35 of 53
Answer Stats
Picture Answer % Correct
Kenny Omega
95%
Cody
94%
Jay White
93%
Kazuchika Okada
92%
Kota Ibushi
92%
The Young Bucks
92%
Minoru Suzuki
91%
EVIL
89%
Tama Tonga
88%
Zack Sabre Jr.
88%
Tetsuya Naito
86%
Hangman Page
79%
Gedo
78%
Bad Luck Fale
77%
TAKA Michonoku
77%
Tomohiro Ishii
77%
El Desperado
76%
SANADA
76%
Marty Scurll
75%
Tanga Loa
74%
Will Ospreay
73%
BUSHI
70%
Chase Owens
70%
Juice Robinson
70%
Hiroshi Tanahashi
69%
Hirooki Goto
67%
Jado
67%
Hiromu Takahashi
65%
Jushin Thunder Liger
65%
SHO
65%
Lance Archer
62%
Taichi
62%
KUSHIDA
61%
Rocky Romero
61%
Tiger Mask IV
61%
YOH
61%
Chuckie T
59%
Davey Boy Smith Jr.
57%
Shingo Takagi
57%
Beretta
56%
Toru Yano
55%
Yujiro Takahashi
50%
YOSHI-HASHI
49%
Michael Elgin
48%
Ryusuke Taguchi
45%
Taiji Ishimori
45%
David Finlay
41%
Satoshi Kojima
38%
Togi Makabe
38%
Yoshinobu Kanemaru
38%
Tomoaki Honma
36%
Toa Henare
30%
Takashi Iizuka
28%
No matching quizzes found
Score Distribution
Percent of People with Each Score
Percentile by Number Answered
Your Score History
You have not taken this quiz